[Event "Madrid-chT Honor 2223"]
[Site "Madrid"]
[Date "2023.01.22"]
[Round "6.1"]
[White "Plazuelo Pascual, Juan"]
[Black "Hidalgo Duque, Carlos"]
[Result "1-0"]
[WhiteElo "2453"]
[BlackElo "2236"]
[PlyCount "45"]
[EventDate "2022.11.20"]
[EventType "team-tourn"]
[EventRounds "14"]
[EventCountry "ESP"]
[SourceTitle "EXT 2024"]
[Source "ChessBase"]
[SourceDate "2023.10.10"]
[SourceVersion "1"]
[SourceVersionDate "2023.10.10"]
[SourceQuality "1"]
[WhiteTeam "Alcorcon Diagonal"]
[BlackTeam "Blanco y Negro"]
[WhiteTeamCountry "ESP"]
[BlackTeamCountry "ESP"]

1. e4 c5 2. Nf3 d6 3. d4 cxd4 4. Nxd4 Nf6 5. Nc3 a6 6. h4 e5 7. Nb3 Be6 8. f4 exf4 9. Bxf4 Nc6 10. Qd2 Qc7 11. 0-0-0 Ne5 12. Nd4 Be7 13. Be2 0-0 14. g4 Rfd8 15. g5 Nfd7 16. Qe3 b5 17. Nd5 Bxd5 18. exd5 Bf8 19. h5 Nb6 20. Qb3 Qc5 21. g6 fxg6 22. Ne6 Qf2 23. Rh2 1-0

[Event "Madrid-chT 1920 Honor"]
[Site "Madrid"]
[Date "2020.02.16"]
[Round "9.4"]
[White "Hidalgo Duque, Carlos"]
[Black "Ingunza Curro, Andres"]
[Result "0-1"]
[WhiteElo "2259"]
[BlackElo "2101"]
[PlyCount "82"]
[EventDate "2019.11.24"]
[EventType "team-tourn"]
[EventRounds "12"]
[EventCountry "ESP"]
[SourceTitle "EXT 2021"]
[Source "ChessBase"]
[SourceDate "2020.10.23"]
[SourceVersion "1"]
[SourceVersionDate "2020.10.23"]
[SourceQuality "1"]
[WhiteTeam "Blanco y Negro"]
[BlackTeam "Tajamar"]
[WhiteTeamCountry "ESP"]
[BlackTeamCountry "ESP"]

1. Nf3 Nf6 2. c4 e6 3. g3 d5 4. Bg2 Be7 5. 0-0 0-0 6. d4 dxc4 7. Qc2 b5 8. a4 b4 9. Nbd2 Nd5 10. Nxc4 Ba6 11. Rd1 Nd7 12. e4 N5b6 13. Na5 c5 14. Nc6 Qe8 15. d5 exd5 16. exd5 Bd6 17. Nd2 Nf6 18. Ne4 Nxe4 19. Bxe4 Kh8 20. b3 f5 21. Bxf5 Qh5 22. Be4 Rxf2 23. Qxf2 Qxd1+ 24. Kg2 Rf8 25. Bf3 Qxb3 26. Na5 Qd3 27. Bb2 Nxd5 28. Re1 c4 29. Bd4 c3 30. Nb3 Bc4 31. Nc5 Qg6 32. Ne6 Nf4+ 33. Nxf4 Rxf4 34. Qe3 Rf8 35. Bxa7 Qc2+ 36. Kg1 Qxa4 37. Bd4 Qd7 38. Bd1 Qf5 39. Ba4 c2 40. Qh6 Be5 41. Rxe5 Qf1# 0-1

[Event "Madrid-chT 1920 Honor"]
[Site "Madrid"]
[Date "2020.02.02"]
[Round "7.6"]
[White "Lianes Garcia, Marcos"]
[Black "Hidalgo Duque, Carlos"]
[Result "1/2-1/2"]
[WhiteElo "2358"]
[BlackElo "2259"]
[PlyCount "120"]
[EventDate "2019.11.24"]
[EventType "team-tourn"]
[EventRounds "12"]
[EventCountry "ESP"]
[SourceTitle "EXT 2021"]
[Source "ChessBase"]
[SourceDate "2020.10.23"]
[SourceVersion "1"]
[SourceVersionDate "2020.10.23"]
[SourceQuality "1"]
[WhiteTeam "Collado Villalba"]
[BlackTeam "Blanco y Negro"]
[WhiteTeamCountry "ESP"]
[BlackTeamCountry "ESP"]

1. d4 d5 2. c4 e6 3. Nf3 Nf6 4. e3 b6 5. b3 Bb7 6. Bd3 Bd6 7. Bb2 0-0 8. 0-0 Nbd7 9. Nbd2 Ne4 10. Qc2 f5 11. Ne5 c5 12. Rad1 Rc8 13. Qb1 Rc7 14. f3 Nxd2 15. Rxd2 cxd4 16. Nxd7 Rxd7 17. exd4 dxc4 18. Bxc4 Bd5 19. Bxd5 exd5 20. Re2 Re7 21. Rfe1 Rfe8 22. Qd3 Bb4 23. Rxe7 Rxe7 24. Rxe7 Qxe7 25. Bc3 f4 26. Bd2 Bxd2 27. Qxd2 Qf6 28. Qc3 g5 29. Qc8+ Kg7 30. Qd7+ Qf7 31. Qd6 Qf5 32. Qe7+ Kg6 33. Qe8+ Kg7 34. h3 h6 35. Kh2 Qf7 36. Qe5+ Kg6 37. Qd6+ Kg7 38. a4 Qf5 39. Qe7+ Qf7 40. Qd6 Qf5 41. Qc7+ Qf7 42. Qc6 Kh7 43. b4 Kg7 44. a5 bxa5 45. bxa5 Kh7 46. a6 Kg7 47. Qb7 Kg6 48. Qc8 Kf6 49. Qh8+ Kg6 50. Qe5 Qf5 51. Qd6+ Kg7 52. Qd8 Qe6 53. Qc7+ Qf7 54. Qb8 Kg6 55. Qb7 Kf6 56. Qa8 Kg6 57. Kg1 Qe6 58. Kh2 Qe1 59. Qg8+ Kh5 60. Qxd5 Qg3+ 1/2-1/2

[Event "Madrid-chT 1819"]
[Site "Madrid"]
[Date "2019.02.02"]
[Round "8.5"]
[White "Hidalgo Duque, Carlos"]
[Black "Longa Yauca, Javier"]
[Result "1-0"]
[WhiteElo "2240"]
[BlackElo "2241"]
[PlyCount "77"]
[EventDate "2018.11.17"]
[EventType "team-tourn"]
[EventRounds "14"]
[EventCountry "ESP"]
[SourceTitle "CBM 189 Extra"]
[Source "ChessBase"]
[SourceDate "2019.06.03"]
[SourceVersion "1"]
[SourceVersionDate "2019.06.03"]
[SourceQuality "1"]
[WhiteTeam "Blanco y Negro"]
[BlackTeam "Villalba 64"]
[WhiteTeamCountry "ESP"]
[BlackTeamCountry "ESP"]

1. Nf3 d5 2. d4 Nf6 3. c4 c6 4. e3 g6 5. Nc3 Bg7 6. Be2 0-0 7. 0-0 Nbd7 8. cxd5 Nxd5 9. e4 N5b6 10. a4 a5 11. Be3 Nf6 12. h3 Be6 13. b3 Ne8 14. Rc1 h6 15. Ne5 Kh7 16. Nc4 Nc8 17. d5 cxd5 18. Nxd5 Bxd5 19. Qxd5 Qxd5 20. exd5 Nf6 21. Bf3 Rd8 22. Rfd1 Ra6 23. Bd2 b6 24. Be3 Nd7 25. d6 Ra7 26. dxe7 Re8 27. Na3 Nc5 28. Bc6 Rexe7 29. Nb5 Rxe3 30. Nxa7 Nxa7 31. fxe3 Nxc6 32. Rd6 Ne5 33. Rxb6 Ned3 34. Rc4 Bf8 35. Rb5 Ne6 36. Rxa5 Bc5 37. Raxc5 Ndxc5 38. a5 Nd7 39. b4 1-0

[Event "ESP-ch Universities"]
[Site "Alicante"]
[Date "2011.05.09"]
[Round "3"]
[White "Valmana Canto, Jaime"]
[Black "Hidalgo Duque, Carlos"]
[Result "1-0"]
[WhiteElo "2335"]
[BlackElo "2134"]
[PlyCount "47"]
[EventDate "2011.05.09"]
[EventType "team-swiss"]
[EventRounds "9"]
[EventCountry "ESP"]
[SourceTitle "CBM 142 Extra"]
[Source "ChessBase"]
[SourceDate "2011.06.27"]
[SourceVersion "1"]
[SourceVersionDate "2011.06.27"]
[SourceQuality "1"]

1. e4 c5 2. Ne2 e6 3. g3 Nc6 4. Bg2 Nf6 5. 0-0 d5 6. exd5 exd5 7. d4 Be7 8. dxc5 Bxc5 9. Bg5 0-0 10. Nbc3 Be6 11. Nxd5 Bxd5 12. Bxf6 Qxf6 13. Qxd5 Bb6 14. Nc3 Rad8 15. Qh5 h6 16. Rab1 Rfe8 17. Nd5 Qd4 18. c3 Qc5 19. Rbd1 Re5 20. Qf3 Rde8 21. Qg4 R8e6 22. Nf4 Re7 23. Nd3 Rg5 24. Qc8+ 1-0

[Event "ESP-ch Universities"]
[Site "Madrid"]
[Date "2008.05.09"]
[Round "6"]
[White "Hidalgo Duque, Carlos"]
[Black "Ceron Carrion, Cesar"]
[Result "1-0"]
[WhiteElo "2134"]
[BlackElo "1966"]
[PlyCount "61"]
[EventDate "2008.05.08"]
[EventType "swiss"]
[EventRounds "9"]
[EventCountry "ESP"]
[SourceTitle "CBM 124 Extra"]
[Source "ChessBase"]
[SourceDate "2008.07.03"]
[SourceVersion "1"]
[SourceVersionDate "2008.07.03"]
[SourceQuality "1"]

1. Nf3 c5 2. c4 Nf6 3. Nc3 Nc6 4. g3 g6 5. Bg2 Bg7 6. 0-0 0-0 7. d4 cxd4 8. Nxd4 Qb6 9. e3 d6 10. b3 Be6 11. Nxe6 fxe6 12. Bb2 Ne5 13. Na4 Qa5 14. Bc3 Qc7 15. Bxe5 dxe5 16. Nc3 e4 17. Rc1 Qc6 18. Qc2 Rad8 19. Nxe4 Nxe4 20. Bxe4 Qc7 21. Rcd1 Rd6 22. h4 Be5 23. Kg2 Rfd8 24. h5 Rxd1 25. Rxd1 Rxd1 26. Qxd1 Kg7 27. hxg6 h6 28. Qf3 Bf6 29. Bxb7 Qa5 30. Qc6 Qe5 31. Qe8 1-0

[Event "ESP-ch Universities"]
[Site "Madrid"]
[Date "2008.05.09"]
[Round "4"]
[White "Hidalgo Duque, Carlos"]
[Black "Navarro Ortiz de Orruno, Borja"]
[Result "1-0"]
[WhiteElo "2134"]
[BlackElo "2224"]
[PlyCount "83"]
[EventDate "2008.05.08"]
[EventType "swiss"]
[EventRounds "9"]
[EventCountry "ESP"]
[SourceTitle "CBM 124 Extra"]
[Source "ChessBase"]
[SourceDate "2008.07.03"]
[SourceVersion "1"]
[SourceVersionDate "2008.07.03"]
[SourceQuality "1"]

1. Nf3 d5 2. d4 Nf6 3. c4 c6 4. e3 a6 5. Nbd2 b5 6. b3 Bf5 7. Ne5 h6 8. Be2 Nfd7 9. f4 e6 10. 0-0 Be7 11. a4 bxc4 12. bxc4 0-0 13. a5 f6 14. Nd3 Kh8 15. Qa4 c5 16. Ba3 cxd4 17. Bxe7 Qxe7 18. exd4 dxc4 19. Nxc4 Ra7 20. Rac1 Rd8 21. Rfd1 Be4 22. Nb6 Bxd3 23. Rxd3 Nxb6 24. axb6 Rb7 25. Rb3 Qd6 26. Rcb1 Qxf4 27. Bf3 Rbd7 28. Rb4 Qg5 29. b7 Rc7 30. Rc4 Qe3+ 31. Kh1 Rxc4 32. Qxc4 f5 33. h3 a5 34. Qc7 Rg8 35. Qxa5 Qxd4 36. Rd1 Qf6 37. Qc7 e5 38. Rd6 Qh4 39. Bd5 Qe1+ 40. Kh2 f4 41. Rg6 Kh7 42. Rg4 1-0

[Event "ESP-ch Universities"]
[Site "Madrid"]
[Date "2008.05.09"]
[Round "5"]
[White "Massanet Massanet, Sebastian"]
[Black "Hidalgo Duque, Carlos"]
[Result "1-0"]
[WhiteElo "2278"]
[BlackElo "2134"]
[PlyCount "55"]
[EventDate "2008.05.08"]
[EventType "swiss"]
[EventRounds "9"]
[EventCountry "ESP"]
[SourceTitle "CBM 124 Extra"]
[Source "ChessBase"]
[SourceDate "2008.07.03"]
[SourceVersion "1"]
[SourceVersionDate "2008.07.03"]
[SourceQuality "1"]

1. e4 c5 2. Nf3 d6 3. d4 cxd4 4. Nxd4 Nf6 5. Nc3 a6 6. Bg5 e6 7. f4 Be7 8. Qf3 Qc7 9. 0-0-0 Nbd7 10. g4 b5 11. Bxf6 Nxf6 12. g5 Nd7 13. f5 Nc5 14. f6 gxf6 15. gxf6 Bf8 16. Rg1 h5 17. Re1 Nd7 18. Nxe6 fxe6 19. f7+ Ke7 20. Rg6 Qa7 21. Rxe6+ Kxe6 22. Qf5+ Ke7 23. Nd5+ Kd8 24. Qg5+ Nf6 25. Qxf6+ Kd7 26. Qxh8 Bb7 27. Bh3+ Kc6 28. b4 1-0

[Event "ESP-ch U18"]
[Site "Mondariz"]
[Date "2005.10.01"]
[Round "7"]
[White "Antoli Royo, Joaquin Miguel"]
[Black "Hidalgo Duque, Carlos"]
[Result "1-0"]
[WhiteElo "2305"]
[BlackElo "2127"]
[PlyCount "53"]
[EventDate "2005.09.27"]
[EventType "swiss"]
[EventRounds "9"]
[EventCountry "ESP"]
[SourceTitle "CBM 108 Extra"]
[Source "ChessBase"]
[SourceDate "2005.11.04"]
[SourceVersion "1"]
[SourceVersionDate "2005.11.04"]
[SourceQuality "1"]

1. e4 c5 2. Nf3 d6 3. d4 cxd4 4. Nxd4 Nf6 5. Nc3 a6 6. Bg5 e6 7. f4 Be7 8. Qf3 Qc7 9. 0-0-0 Nbd7 10. g4 b5 11. Bxf6 Nxf6 12. g5 Nd7 13. f5 Nc5 14. f6 gxf6 15. gxf6 Bf8 16. Rg1 h5 17. a3 Rb8 18. Rg7 b4 19. Nd5 exd5 20. exd5 Nd7 21. Ne6 fxe6 22. dxe6 Ne5 23. e7 Nxf3 24. exf8Q+ Rxf8 25. Rxc7 bxa3 26. Re7+ Kd8 27. Rxd6+ 1-0

[Event "ESP-ch U18"]
[Site "Mondariz"]
[Date "2005.09.28"]
[Round "2"]
[White "Hidalgo Duque, Carlos"]
[Black "Oms Fuentes, Lluis"]
[Result "0-1"]
[WhiteElo "2127"]
[BlackElo "2281"]
[PlyCount "50"]
[EventDate "2005.09.27"]
[EventType "swiss"]
[EventRounds "9"]
[EventCountry "ESP"]
[SourceTitle "CBM 108 Extra"]
[Source "ChessBase"]
[SourceDate "2005.11.04"]
[SourceVersion "1"]
[SourceVersionDate "2005.11.04"]
[SourceQuality "1"]

1. d4 d5 2. c4 e6 3. Nc3 c5 4. cxd5 cxd4 5. Qxd4 Nc6 6. Qd1 exd5 7. Qxd5 Bd7 8. e3 Nf6 9. Qd1 Bc5 10. Nf3 Qe7 11. Be2 0-0-0 12. 0-0 g5 13. a3 g4 14. Nd4 Qe5 15. Ncb5 a6 16. Nxc6 Bxc6 17. Nd4 Bxd4 18. exd4 Rxd4 19. Qc2 Qd5 20. f3 Re8 21. b4 Kb8 22. Rb1 Ba4 23. Qxa4 Rxe2 24. Rb2 gxf3 25. Rxe2 fxe2 0-1

[Event "ESP-chT U16"]
[Site "Toledo"]
[Date "2003.06.14"]
[Round "1"]
[White "Hidalgo Duque, Carlos"]
[Black "Robles Garcia, Claudia"]
[Result "0-1"]
[WhiteElo "1857"]
[BlackElo "1882"]
[PlyCount "74"]
[EventDate "2003.06.14"]
[EventType "team"]
[EventRounds "5"]
[EventCountry "ESP"]
[SourceTitle "EXT 2004"]
[Source "ChessBase"]
[SourceDate "2003.11.25"]
[SourceVersion "1"]
[SourceVersionDate "2003.11.25"]
[SourceQuality "1"]

1. d4 g6 2. c4 Nf6 3. Nc3 d5 4. cxd5 Nxd5 5. Bd2 Bg7 6. e4 Nb6 7. Be3 0-0 8. Be2 Nc6 9. Nf3 Bg4 10. d5 Bxf3 11. gxf3 Ne5 12. Bd4 c5 13. Bxc5 Nbc4 14. Qb3 Nxb2 15. Rc1 Rc8 16. Bb6 Qxb6 17. Qxb6 axb6 18. Kd2 Bh6+ 19. Kc2 Bxc1 20. Rxc1 Na4 21. Kb3 Nxc3 22. Rxc3 Rxc3+ 23. Kxc3 Rc8+ 24. Kb2 Rc5 25. f4 Kf8 26. Bd1 Ke8 27. Bb3 Kd7 28. h4 Kd6 29. Bd1 e6 30. dxe6 fxe6 31. Bg4 Ke7 32. f3 Kf6 33. Kb3 h5 34. Bh3 Rc1 35. Kb4 Rh1 36. Bg2 Rxh4 37. Kb5 Rh2 0-1